| 000 | 00494nam a2200181Ia 4500 | ||
|---|---|---|---|
| 005 | 20250508150650.0 | ||
| 008 | 008 250505s9999 xx 000 0 eng d | ||
| 037 | _aTextual | ||
| 040 |
_aFEDL _beng _cFEDL |
||
| 041 |
_aeng _2eng |
||
| 084 |
_a157, MEN _qFEDL |
||
| 245 | 0 | _aMental abnormality and crime | |
| 260 |
_aLondon, UK _bMacmillan and Co. Ltd. _c1949 |
||
| 300 | _avi,316p. | ||
| 650 | _aAbnormal Psychology | ||
| 942 |
_cTEXL _h157, MEN |
||
| 999 |
_c1324916 _d1324916 |
||